| 000 | 00895 a2200217 4500 | ||
|---|---|---|---|
| 999 |
_c9869 _d9869 |
||
| 022 | _a0038-2396 | ||
| 050 | _aKTL19.A35 SOU 1985 | ||
| 100 |
_aFisher, D. S. _eeditor |
||
| 245 |
_aSouth African law reports 1985(4): _bdecisions of Supreme court of South Africa, South west Africa supreme court, High court of Zimbabwe, Supreme court of Zim, Supreme court of Transkei, Supreme court of Bophuthatswana, Supreme court of Venda, Supreme court of Ciskei _cDavid S. Fisher et al... |
||
| 264 |
_aSouth Africa: _bJuta & Company, _c1985. |
||
| 300 | _a334p. : | ||
| 500 | _aSouth African Law Reports | ||
| 650 | _aLaw reports, digests, etc. -- South Africa | ||
| 650 | _aCourt decisions | ||
| 651 | _aSouth Africa | ||
| 700 |
_aBarrow, O.J _eeditor |
||
| 700 |
_aKoch, D.M. _eeditor |
||
| 700 |
_aKrynauw, B. _eeditor |
||
| 700 |
_aScholtz, W.M. _eeditor |
||
| 942 |
_2lcc _cSERIALS _h19.A 35 _iSOU _kKTL |
||